Statistics for Name all members of (G)I-dle

Click here to take the quiz!

General Stats

  • This quiz has been taken 101 times
  • The average score is 6 of 6

Answer Stats

Member% Correct
Minnie
97%
Soyeon
97%
Miyeon
96%
Soojin
96%
Shuhua
94%
Yuqi
94%

Score Distribution

Percentile by Number Answered

Percent of People with Each Score

Your Score History

You have not taken this quiz